000 00490nam a2200193Ia 4500
008 101110s9999 xx 000 0 und d
041 _aENGLISH
082 _bJR765
_a332.1
100 _aDesai Vasant
245 _aIndian Banking : Nature and Problems
365 _b45
520 _aCommerce
546 _aENGLISH
630 _aIndian Banking : Nature and Problems
650 _aCommerce
655 _aCommerce
730 _aIndian Banking : Nature and Problems
942 _cBOOK
999 _c793499
_d793496